000 01000nam a22002897a 4500
003 AUA.1
005 20250929174037.0
008 111220t xxu||||| |||| 00| 0 eng d
010 _a8171768
020 _a0849902215
020 _a9780849902215
040 _cFF
050 _aBS491.2
_b.W67 1998
100 _aMurphy, Roland
_918009
245 _aWord Biblical commentary :
_bProverbs /
_cRoland Murphy.
260 _aNashville :
_bThomas Nelson,
_cc1998.
300 _alxxv, 306 p. :
_c24 cm.
440 _aWord Biblical commentary :
_nv.22
_948956
504 _aInclude bibliography and index
650 _vProverbs
_xBible
_yCommentary
_918010
700 _aMetzger, Bruce M.
_918011
_4General ed.
700 _aWatts, John D. W.
_4Old Testament ed.
_948957
700 _aWatts, James W.
_4Old Testament ed.
_948958
700 _aMartin, Ralph P.
_4New Testament ed.
_948959
700 _aLosie, Lynn Allan
_4New Testament ed.
_948960
942 _2lcc
_cREF
_hBS 491.2
_i.W67 1998
999 _c5192
_d5192